000 00276nam a22001337a 4500
008 170718b xxu||||| |||| 00| 0 eng d
020 _a29012
041 _aeng
080 _a17
100 _a23
101 _aFIL
245 _aETHICAL ISSUES
_cMELDEN, A.I
942 _2udc
_cBK
999 _c21483
_d21483